| 000 | 00676nam a2200241Ia 4500 | ||
|---|---|---|---|
| 003 | OSt | ||
| 005 | 20220923224002.0 | ||
| 006 | a|||||r|||| 00| 0 | ||
| 007 | ta | ||
| 008 | Pun | ||
| 024 | _a223,816 | ||
| 037 | _cTextual | ||
| 040 |
_aARTS _cARTS _bPun |
||
| 041 |
_2Pun _aPun |
||
| 082 | _aO153:g, K9 | ||
| 100 | _aਗੁਰਦੇਵ ਸਿੰਘ | ||
| 245 | 0 | _aਸਾਹਿੱਤ ਵਿਚ ਵਾਦ | |
| 260 |
_aਲੁਧਿਆਣਾ _b ਲਾਹੋਰ ਬੁਕ Fਾਪ _c1969 |
||
| 300 |
_a216ਪੰ _ccm. |
||
| 650 | _aਪੰਜਾਬੀ ਸਾਹਿਤ | ||
| 942 |
_hO153:g, K9 _cTEXL _2CC |
||
| 999 |
_c368545 _d368545 |
||